000 00668nam a22002177a 4500
003 UA-OsUOA
001 119033
007 ta
008 20161003b un ||||| |||| 00| 0 ukr d
100 _aГоцуляк Л.
090 _a330(477)
_bГ74
942 _cSA
040 _aUA-OsUOA
_bukr
_cUA-OsUOA
_dUA-OsUOA
245 _aДержавна інвестиційна політика: цілі та завдання в умовах інноваційної економіки
300 _aС.33-37
955 _a0
041 _aukr
080 _a330(477)
773 0 _w119031
_tЕкономіст
_dК.
_d2016
_g8
650 7 _a330 Економіка взагалі
_2UDC
999 _c405303
_d405303